Statistics for Money heist season 5 volume 1 quiz

Click here to take the quiz!

General Stats

  • This quiz has been taken 342 times
  • The average score is 9 of 14

Answer Stats

HintAnswer% Correct
How many episodes are in Part 5 volume 1?5
93%
Who gets their leg trapped under a statue?Helsinki
91%
Who dies at the end of Part 5 volume 1?Tokyo
90%
What is the Spanish name for the show?La Casa De Papel
89%
Who shoots Arturo?Stockholm
84%
Who is Denver's cousin?Manila
79%
Miguel Herran plays which character?Rio
78%
Where in the body did the professor get shot?Foot
74%
What character killed Nairobi in season 4?Gandia
68%
What is Denver's actual name?Dani
52%
Who escapes the police in a helicopter?Marseille
43%
What date did Part 5 volume 1 come out?3rd September
36%
What is the name of Berlin's son?Rafael
34%
What is the name of Tokyo's first love?Rene
24%

Score Distribution

Percentile by Number Answered

Percent of People with Each Score

Your Score History

You have not taken this quiz